Bzrp Music Sessions #52 letras - Estadísticas

Estadísticas generales
  • Esta prueba ha sido intentada 337 veces
  • La puntuación promedio es 248 de 423
Estadísticas de respuestas
Respuesta % Correcto
a
95%
la
94%
no
93%
que
90%
y
90%
las
87%
los
87%
noche
86%
se
86%
con
85%
le
81%
el
80%
me
80%
un
80%
te
77%
vi
77%
lo
76%
rapido
76%
en
75%
una
74%
como
73%
nos
72%
quedate
72%
yo
72%
combo
70%
diez)
70%
diez
70%
fuimos
70%
espejo
69%
tres
69%
copa
68%
lejos
68%
poco
68%
labios
67%
nota
67%
pa'
67%
pa
67%
pintaba
67%
si
67%
sin
67%
Aires
66%
baile
66%
Buenos
66%
club
66%
al
65%
toda
65%
ti
64%
acerco
63%
dieron
62%
dormimos
61%
empezamos
60%
(perreamos
60%
perreamos
60%
queriendo
60%
otra
57%
vez
57%
vamos
56%
enseno
54%
de
52%
dios
52%
dijo
50%
llego
50%
luego
50%
repetirlo
50%
ando
49%
rezandole
47%
mi
45%
duelen
43%
contigo
37%
todo
36%
nada
35%
noches
35%
quiero
35%
sea
35%
ya
35%
dime
32%
gemidos
30%
por
30%
poses
30%
beba
29%
tengo
28%
buscar
27%
fecha
27%
mente
27%
paso
26%
tu
26%
hicimos
24%
vuelta
24%
del
23%
hora
23%
solo
23%
Biza
22%
Canarias
22%
isla
21%
vente
21%
domingo
20%
equipaje
20%
misa
20%
bebe
19%
todos
19%
donde
18%
llegan
18%
suelta
18%
(suelta)
18%
teteo
18%
dar
17%
sabado
17%
voy
17%
champan
16%
corazon
16%
ella
16%
mas
16%
avisa
15%
dale
15%
late
15%
ver
15%
viaje
15%
botellas
14%
demas
14%
ruido
14%
cuando
13%
sabes
13%
beso
12%
brindar
12%
copas
12%
pero
12%
amigas
11%
escaparate
11%
ese
11%
estoy
11%
ojos
11%
canto
10%
cuerpo
10%
guacha
10%
reloj
10%
dije
9%
garantizas
9%
granate
9%
party
9%
quedo
9%
Quevedo
9%
salir
9%
traje
9%
mirandonos
8%
apartamento
7%
hay
7%
menos
7%
Mercedes
7%
otro
7%
graba
6%
Uber
6%
concierto
5%
pegas
5%
privado
5%
quien
5%
veo
5%
Bizarrap
4%
ellos
3%
traten
3%
you
3%
diera
2%
know
2%
LPGC
2%
pedia
2%
combia
1%
esucho
0%
hada
0%
lleuge
0%
No se encontraron pruebas coincidentes
Distribución de puntuación
Porcentaje de gente con cada puntuación
Porcentaje por número respondido
Historial de tus puntuaciones
No has intentado esta prueba.